Daň z pridanej hodnoty v účtovníctve podnikateľov SR diplomová práca

Gespeichert in:
Bibliographische Detailangaben
1. Verfasser: Maťašová, Kristína
Körperschaft: Fakulta hospodárskej informatiky EU. Katedra účtovníctva a audítorstva
Weitere Verfasser: Solík, Ján
Format: Buch
Sprache:Slowakisch
Veröffentlicht: Bratislava 2011
Tags: Tag hinzufügen
Keine Tags, Fügen Sie das erste Tag hinzu!

MARC

LEADER 00000nbm a2200000 4500
001 0140826
005 20161109101953.3
041 0 |a slo 
044 |a SK 
245 1 0 |a Daň z pridanej hodnoty v účtovníctve podnikateľov SR  |b diplomová práca  |c Kristína Maťašová ; školiteľ: Ján Solík 
264 1 |a Bratislava  |c 2011 
300 |a 86 s. 
100 1 |a Maťašová, Kristína 
700 1 |a Solík, Ján 
710 2 |a Fakulta hospodárskej informatiky EU. Katedra účtovníctva a audítorstva